Szczegóły MARC21

Standardsoftware Datenbanksystem dBase IV : Datenbanksprachen, Programmiersprachen, Werkzeuge, eine Strukturierte Einführung : Grundkurs Computerpraxis /

005 -DATA I CZAS OSTATNIEJ MODYFIKACJI [,]
    • @
    • pole kontrolne
    • 20070315155141.9
020 -Międzynarod. znormalizowany nr książki - ISBN [ , ]
    • a
    • Numer ISBN
    • 349918172X Find
040 -Instytucja sporządzająca opis [ , ]
    • a
    • Instytucja, która sporządziła opis (NP)
    • SZCZ U
    • c
    • Instytucja, która sporządziła rekord (NP)
    • SZCZ U
041 -Język dokumentu [0, ]
    • a
    • Język tekstu (P)
    • niemiecki
    • h
    • Język tekstu oryginalnego i/lub pośredniego (P)
    • niemiecki
942 -Rodzaj dokumentu [ , ]
    • c
    • Rodzaj dokumentu
    • Książka
100 -Hasło główne - nazwa osobowa [ , ]
    • a
    • Nazwa osobowa (NP)
    • FREESE PETER
245 -Strefa tytułu i oznaczenia odpowiedzialności [1, ]
    • a
    • Tytuł
    • Standardsoftware Datenbanksystem dBase IV : Find
    • b
    • Ciąg dalszy tytułu (NP)
    • Datenbanksprachen, Programmiersprachen, Werkzeuge, eine Strukturierte Einführung : Grundkurs Computerpraxis / Find
    • c
    • Pozostałe elementy strefy tytułu i oznaczenia odpowiedzialności (NP)
    • hrsg.von Rudolf Hambusch.
260 -Strefa adresu wydawniczego [ , ]
    • a
    • Miejsce wydania (P)
    • Reinbek bei Hamburg :
    • b
    • Nazwa wydawcy (P)
    • Rowohlt Taschenbuch Verl.,
    • c
    • Data wydania (P)
    • 1992.
300 -Strefa opisu fizycznego [ , ]
    • a
    • Określenie formy książki i/lub objętość (NP)
    • 854 s. :
    • b
    • Oznaczenie ilustracji (NP)
    • rys. :
    • c
    • Format (NP)
    • 20 cm.
490 -Strefa serii i książki wielotomowej - forma nie do wyszukiwania [0, ]
    • a
    • Tytuł (P)
    • (Rororo Computer ; Find
    • v
    • Numeracja (P)
    • 2990)
500 -Uwaga ogólna [ , ]
    • a
    • Uwaga ogólna (NP)
    • Ind
080 -Uniwersalna Klasyfikacja Dziesiętna [ , ]
    • a
    • Symbol klasyfikacji
    • 004.42=30
080 -Uniwersalna Klasyfikacja Dziesiętna [ , ]
    • a
    • Symbol klasyfikacji
    • :519.683.5=30
980 -Symbol UKD [ , ]
    • a
    • UKD
    • 004.42:519.683.5]=30
700 -Hasło dodatkowe - nazwa osobowa [ , ]
    • a
    • Nazwa osobowa (NP)
    • Müllmerstadt Friedrich Find
920 -ISBN [ , ]
    • a
    • ISBN
    • 3-499-18172-X Find
Data inwentaryzacji Lokalizacja Sygnatura Numer inwentarzowy Status udost.
1997-10-14BEFUNDACJA POLSKO-NIEMIECKAE.64848-2
1997-10-14BEFUNDACJA POLSKO-NIEMIECKAS.81129-6
1998-12-10BEFUNDACJA POLSKO-NIEMIECKAS.83168-6
2001-04-17BEFUNDACJA POLSKO-NIEMIECKAS.87858-2